000 00669nam a2200217Ia 4500
003 OSt
005 20250205145732.0
008 210210b1969 xxu||||| |||| 00| 0 eng d
040 _cAL
041 _aKannada
082 _aK894.9 NAYV
100 _aNAYAKA (Ha Ma)
_9132915
_dನಾಯಕ(ಹಾ ಮಾ)
245 _aVinayaka vagmaya.
_bವಿನಾಯಕ ವಾಙ್ಮಯ
260 _aMaisuru
_bSuruchi Prakashana
_c1969
300 _a445
650 _aGokaka
_9132916
690 _aKannada Criticism
_9132917
700 _aSINDHYVALLI ANANTAMURTI Ed
_dಸಿಂಧುವಳ್ಳಿ ಅನಂತಮೂರ್ತಿ
_9197893
906 _a036228
942 _2ddc
_cBK
999 _c86591
_d86591